[Event "FIDE Chesscom Grand Swiss 2021"]
[Site "Riga"]
[Date "2021.11.04"]
[Round "8.9"]
[White "Sarana, Alexey"]
[Black "Yu, Yangyi"]
[Result "1/2-1/2"]
[WhiteElo "2649"]
[BlackElo "2704"]
[Annotator "TA"]
[PlyCount "82"]
[EventDate "2021.10.27"]
[EventType "swiss"]
[EventCountry "LAT"]
[Tiebreak "Cut1 Buchholz+Sonneborn-Berger (Swiss)"]
[SourceTitle "playchess.com"]
[Source "ChessBase"]
[SourceQuality "1"]

{[%evp 12,82,16,15,15,15,15,13,20,11,10,8,6,0,0,0,9,0,33,0,0,0,0,0,0,0,0,0,0,0,
0,0,0,0,0,-22,-17,-21,-13,-15,-14,-13,-13,-14,-3,-9,-9,-9,-14,-30,-1,-14,0,-4,
-4,-15,0,0,0,-11,0,-10,-14,-14,-14,-8,-15,-13,0,-8,0,-32,0]} 1. d4 Nf6 2. c4 e6
3. Nf3 d5 4. Nc3 Bb4 5. cxd5 exd5 6. Bg5 h6 7. Bh4 Bf5 {D38: Queen's Gambit
Declined: Ragozin Defence (4 Nf3 Bb4).} 8. e3 Nbd7 9. Qb3 Ba5 {The position is
equal.} 10. Be2 c6 11. O-O ({But not} 11. Qxb7 Rb8 $17) 11... Qb6 12. Nd2 O-O
13. Rfc1 Rfe8 {[#]} 14. Bg3 $146 ({Predecessor:} 14. a3 Qxb3 15. Nxb3 Bd8 16.
Bxf6 Nxf6 17. Nc5 Rb8 18. b4 Be7 19. N3a4 g6 20. h3 {0-1 (65) Kovalenko,I 
(2644)-Donchenko,A (2657) Riga 2021}) 14... Re6 15. a3 (15. Qa4 {with more
complications.} Bb4 16. a3 Be7 17. b4 Qd8 18. Qd1) 15... Qxb3 16. Nxb3 Bd8 17.
Nd2 a5 18. Bd1 Re8 19. Bd6 Re6 20. Bg3 Be7 21. h3 Bf8 22. Bb3 Ree8 23. a4 Bb4
24. Bc2 Bxc2 25. Rxc2 Nf8 26. Nb3 Ne6 27. Na2 {[%cal Bc3a2,Ba2c1,Bc1d3,Bd3c5]
[%mdl 32]} Be7 28. Nac1 Ne4 29. Bh2 h5 30. g4 Bd6 (30... Nf6 {seems wilder.}
31. Be5 Nd7 32. Bg3 f6 33. Nd3 Kf7) 31. Nd3 g5 32. Bxd6 Nxd6 33. Nbc5 Kg7 34.
Kg2 Nxc5 35. Nxc5 Rh8 36. b4 hxg4 37. hxg4 axb4 {White must now prevent ...Nc4.
} 38. Rb1 Rh4 39. Kf3 Rh3+ 40. Ke2 Rh4 41. Kf3 Rh3+ {An uneventful encounter. 
Weighted Error Value: White=0.04/Black=0.04} (41... b6 $5 {[%cal Rb6c5]} 42.
Nd3 Nc4 43. Rxb4 Rh1 $15) 1/2-1/2

[Event "FIDE Chesscom Grand Swiss 2021"]
[Site "Riga"]
[Date "2021.11.04"]
[Round "8.10"]
[White "Maghsoodloo, Parham"]
[Black "Nihal Sarin"]
[Result "1/2-1/2"]
[WhiteElo "2701"]
[BlackElo "2652"]
[Annotator "TA"]
[PlyCount "70"]
[EventDate "2021.10.27"]
[EventType "swiss"]
[EventCountry "LAT"]
[Tiebreak "Cut1 Buchholz+Sonneborn-Berger (Swiss)"]
[SourceTitle "playchess.com"]
[Source "ChessBase"]
[SourceQuality "1"]

{[%evp 9,70,18,14,12,24,16,18,16,25,23,20,20,21,22,22,30,35,21,29,28,38,28,32,
29,38,34,28,14,16,13,13,13,13,-7,0,-6,20,16,17,0,44,12,44,49,58,25,14,7,7,0,0,
0,0,0,0,0,0,0,0,0,0,0,0]} 1. d4 Nf6 2. c4 e6 3. Nf3 d5 4. Nc3 h6 5. cxd5 exd5
6. Bf4 {D35: Queen's Gambit Declined: Exchange Variation.} Bd6 7. Bxd6 Qxd6 8.
Qc2 O-O 9. e3 Qe7 10. Bd3 c6 11. O-O Nbd7 12. Rab1 a5 13. Na4 Re8 14. a3 {
[%cal Ba2a3,Ba3b4][%mdl 32]} Ne4 15. b4 {[#]} axb4 $146 ({Predecessor:} 15...
Qd6 16. Nc5 Nexc5 17. bxc5 Qc7 18. Bh7+ Kh8 19. Bf5 Nf6 20. Ne5 Bxf5 21. Qxf5 {
1-0 (85) Ernst,H-Grass,S Pizol 1997}) 16. axb4 b5 17. Nc5 Ndxc5 18. dxc5 Ng5 {
[#] Hoping for ...Nxf3+.} 19. Nd4 Bd7 20. Ra1 Qf6 21. Bf5 Ne6 22. Nb3 Red8 23.
h3 Re8 24. Rfd1 Qe7 25. Bg4 (25. Bxe6 $5 fxe6 26. e4 $11) 25... Ng5 26. Bxd7
Qxd7 27. Rxa8 (27. Nd4 {is interesting.} Rec8 28. Qc3 g6 29. Rxa8 Rxa8 30. Ra1)
27... Rxa8 28. e4 {The position is equal.} Re8 $1 {[%cal Re8e4]} 29. exd5 Nxh3+
$1 30. gxh3 Qxh3 31. Nd4 {[#] aiming for Qf5.} Qg4+ 32. Kf1 Qh3+ 33. Kg1 {
Qf5 is the strong threat.} Qg4+ 34. Kf1 {Black must now prevent Qb3.} Qh3+ 35.
Kg1 {Threatens to win with Qf5.} Qg4+ {Weighted Error Value: White=0.06/
Black=0.04} 1/2-1/2

[Event "FIDE Chesscom Grand Swiss 2021"]
[Site "Riga"]
[Date "2021.11.04"]
[Round "8.11"]
[White "Sevian, Samuel"]
[Black "Navara, David"]
[Result "1-0"]
[WhiteElo "2654"]
[BlackElo "2691"]
[Annotator "TA"]
[PlyCount "97"]
[EventDate "2021.10.27"]
[EventType "swiss"]
[EventCountry "LAT"]
[Tiebreak "Cut1 Buchholz+Sonneborn-Berger (Swiss)"]
[SourceTitle "playchess.com"]
[Source "ChessBase"]
[SourceQuality "1"]

{[%evp 12,97,23,15,11,8,10,13,22,8,26,24,20,0,0,0,0,0,0,0,52,25,14,-8,0,-8,-7,
-5,0,0,0,-6,0,0,43,21,144,140,141,78,76,83,72,75,73,73,77,73,86,70,92,56,63,63,
62,59,65,67,64,57,68,53,56,56,386,71,72,24,62,55,397,397,397,397,397,397,383,
379,462,446,763,752,726,704,5700,5828,5675,4590]} 1. d4 Nf6 2. c4 e6 3. Nf3 d5
4. Nc3 Bb4 5. Qa4+ Nc6 6. e3 O-O 7. Bd2 dxc4 {D38: Queen's Gambit Declined:
Ragozin Defence (4 Nf3 Bb4).} 8. Bxc4 Bd6 9. Qc2 e5 {The position is equal.}
10. dxe5 Nxe5 11. Nxe5 Bxe5 12. O-O Qe7 13. f4 Bxc3 14. Bxc3 Qxe3+ 15. Kh1 Be6
{[#]} (15... Qb6 $11) 16. Rf3 $146 {[%mdl 1024] White has compensation.} ({
Predecessor:} 16. Bxf6 Bxc4 17. Qxc4 gxf6 18. Qxc7 Qb6 19. Qxb6 axb6 20. a3
Rfe8 {1/2-1/2 (20) Agrest,E (2583)-Laznicka,V (2598) Catalunya 2009}) 16... Qb6
17. Bd3 Bd5 18. Rg3 $36 {[%mdl 2048] aiming for Bxh7+! White fights for an
advantage.} h6 19. Be5 Rfe8 20. Bxc7 Qe6 21. Be5 Nh5 22. Re3 {Bh7+ is the
strong threat.} f6 {[#]} 23. Bg6 $1 Qg4 {[#]} (23... fxe5 $11 {remains equal.}
24. Bxh5 Rf8) 24. h3 $1 $16 {[%cal Rh3g4]} Qh4 {[#]} ({Wrong is} 24... Ng3+ $2
25. Kh2) 25. Qd1 Red8 26. Qxh5 Qxh5 27. Bxh5 fxe5 28. fxe5 {Black must now
prevent e6.} Be6 29. Bf3 a5 30. a3 Rd2 31. b3 Rad8 32. b4 axb4 33. axb4 Rb2 34.
Bxb7 Rxb4 35. Ra7 Rb3 36. Re1 Rb5 37. Be4 Bf7 $2 {[%mdl 8192]} (37... Rdb8 $14)
38. Bc6 $2 (38. e6 $18 {is the precise move to win.} Be8 39. e7) 38... Rb6 39.
Rc7 {Hoping for e6.} Be6 40. Be4 Rd7 $2 {[%mdl 8192]} (40... g5 $14) 41. Rc8+
$18 Kf7 42. Rf1+ Ke7 {[#]} 43. Bc6 Bc4 44. Rf4 Rd1+ 45. Kh2 {[%csl Gc6][%cal
Rc8e8] White is clearly winning.} Bf7 (45... Rxc6 $142 46. Rxc6 Be6) 46. Rc7+
Ke6 47. Rfxf7 {[%csl Gf7][%cal Rc7e7]} Rxc6 48. Rfe7+ ({Not} 48. Rxc6+ Kxf7 49.
Kg3 Rd4 $16) 48... Kd5 49. Rcd7+ {Weighted Error Value: White=0.16/Black=0.50}
1-0

[Event "FIDE Chesscom Grand Swiss 2021"]
[Site "Riga"]
[Date "2021.11.04"]
[Round "8.12"]
[White "Korobov, Anton"]
[Black "Volokitin, Andrei"]
[Result "1-0"]
[WhiteElo "2690"]
[BlackElo "2652"]
[Annotator "TA"]
[PlyCount "83"]
[EventDate "2021.10.27"]
[EventType "swiss"]
[EventCountry "LAT"]
[Tiebreak "Cut1 Buchholz+Sonneborn-Berger (Swiss)"]
[SourceTitle "playchess.com"]
[Source "ChessBase"]
[SourceQuality "1"]

{[%evp 9,83,0,2,0,0,0,2,0,8,8,10,13,14,5,12,7,20,0,0,0,0,0,0,-11,18,17,1,10,16,
18,40,43,98,98,90,101,82,52,86,75,162,154,143,148,243,249,219,186,165,186,326,
321,529,491,317,58,29982,29983,29983,29984,29984,29985,29985,29986,29986,29987,
29987,29987,29988,29989,29989,29990,29990,29991,29991,29992]} 1. d4 Nf6 2. Nf3
e6 3. Bf4 b6 4. e3 Bb7 5. h3 d5 6. Bd3 {A47: 1 d4 Nf6 2 Nf3 b6: Torre, London
and Colle Systems.} Bd6 7. Nbd2 $5 {[%mdl 4] Exploring less charted territory.}
O-O 8. O-O {The position is equal.} Ne4 {[#]} 9. Bxd6 $146 ({Predecessor:} 9.
c3 Nd7 10. Qc2 Ndf6 11. Ne5 h6 12. f3 Nxd2 13. Qxd2 c5 14. Rae1 Qc7 15. Bh2 {
1-0 (32) Linares Napoles,O (2255)-Tarasova,V (2226) Chess.com INT 2021}) 9...
cxd6 10. c4 Nxd2 11. Nxd2 dxc4 12. Nxc4 Qe7 13. Qg4 Nc6 14. Rfc1 f5 15. Qd1
Rad8 16. a3 f4 17. Nd2 fxe3 18. fxe3 Qg5 19. Qe2 Ne7 {White should prevent ...
Bxg2!} 20. Rc7 Bxg2 21. Qxg2 $16 Qxe3+ 22. Kh1 Rf2 23. Nc4 (23. Qg4 $6 h5 $1
$15) 23... Qxd4 24. Qe4 $40 {[%mdl 128] White is out for blood.} Nf5 (24...
Qxe4+ $16 {was called for.} 25. Bxe4 d5) 25. Qxd4 (25. Qxe6+ $2 Kh8 $19) 25...
Nxd4 26. Rf1 $1 {[%cal Rf1f2]} (26. Rxa7 {is a self mate.} Nf3 27. Rxg7+ Kxg7
28. Rg1+ Kf6 29. Rg2 Rg8 $3 {[%mdl 512]} 30. Ne3 Rfxg2 31. Nxg2 Rg3 32. Bf5
exf5 33. h4 Rh3#) 26... Rdf8 (26... Rxf1+ $16 27. Bxf1 b5) 27. Rxf2 $18 Rxf2
28. Nxd6 g6 29. Rc4 (29. Rxa7 {gets mated.} Nf3 30. Ra8+ Kg7 31. Ra7+ Kh6 32.
Nf7+ Kh5 33. Ra5+ bxa5 34. Bxg6+ hxg6 35. Nh8 Rh2#) 29... e5 (29... Nf5 $142)
30. Rc7 Rxb2 $2 (30... b5 {was worth a try.} 31. Nxb5 Nf3) 31. Bc4+ Kh8 32. h4
$2 ({Resist} 32. Rxa7 $6 e4 $18) (32. Rf7 $18 {Threatens to win with Ne8.} Rb1+
33. Kg2 Rb2+ 34. Kf1 Rb1+ 35. Kf2 Rb2+ 36. Ke3 Nf5+ 37. Nxf5 gxf5 38. Be6)
32... Nf5 $2 {[%mdl 8192] Loses the game.} (32... e4 $14) 33. Nf7+ {[%mdl 64]
Double Attack. White mates.} Kg7 {[#]} 34. Ng5+ $1 Kf8 35. Nxh7+ Ke8 36. Nf6+
Kd8 {[#]} 37. Rd7+ $1 Kc8 38. Ba6+ Kb8 39. Nd5 {[%cal Rd7d8]} Rb1+ 40. Kh2 {
[%cal Rd7d8]} Rb2+ 41. Kg1 {[%cal Rd7d8]} Rb1+ 42. Kf2 {[%cal Rd7d8] Weighted
Error Value: White=0.17/Black=0.38} 1-0

[Event "FIDE Chesscom Grand Swiss 2021"]
[Site "Riga"]
[Date "2021.11.04"]
[Round "8.13"]
[White "Deac, Bogdan-Daniel"]
[Black "Kryvoruchko, Yuriy"]
[Result "1/2-1/2"]
[WhiteElo "2643"]
[BlackElo "2686"]
[Annotator "TA"]
[PlyCount "53"]
[EventDate "2021.10.27"]
[EventType "swiss"]
[EventCountry "LAT"]
[Tiebreak "Cut1 Buchholz+Sonneborn-Berger (Swiss)"]
[SourceTitle "playchess.com"]
[Source "ChessBase"]
[SourceQuality "1"]

{[%evp 9,53,11,13,5,14,14,7,0,22,22,20,24,22,31,30,17,17,17,14,22,13,14,12,14,
14,12,13,12,16,21,23,0,0,0,0,0,0,0,0,0,0,0,0,0,0,0]} 1. e4 e5 2. Nf3 Nc6 3. Bb5
Nf6 4. d3 Bc5 5. Nbd2 Nd4 6. Nxd4 {C65: Ruy Lopez: Berlin Defence (3...Nf6),
unusual lines and 4 0-0 Bc5.} Bxd4 7. c3 Bb6 8. d4 c6 9. dxe5 {[#] Black must
now prevent Be2.} cxb5 10. exf6 Qxf6 {[%csl Gb6][%cal Rf6f2]} 11. O-O O-O 12.
Nf3 d6 13. Re1 Bg4 14. Be3 {[#]} Bxf3 $146 ({Predecessor:} 14... b4 15. Bxb6
axb6 16. Qd4 Bxf3 17. Qxf6 gxf6 18. gxf3 bxc3 19. bxc3 Rfc8 20. Reb1 Rxc3 21.
Rxb6 Rxf3 22. Rxb7 {1/2-1/2 (31) Nakamura,H (2754)-Aronian,L (2752) Zagreb 2019
}) 15. Qxf3 Qxf3 16. gxf3 Bxe3 17. Rxe3 $11 {[%mdl 4096] Endgame KRR-KRR} f5
18. Rd1 fxe4 19. fxe4 Rf6 20. Red3 Raf8 {The position is equal.} 21. R1d2 Rf4
22. Rxd6 Rxe4 23. Rd7 Rf7 24. Rd8+ Rf8 25. R8d7 Rf7 26. Rd8+ Rf8 27. R8d7 {
Not much happened in this game.  Weighted Error Value: White=0.03/Black=0.01}
1/2-1/2

[Event "FIDE Chesscom Grand Swiss 2021"]
[Site "Riga"]
[Date "2021.11.04"]
[Round "8.14"]
[White "Predke, Alexandr"]
[Black "Tari, Aryan"]
[Result "1-0"]
[WhiteElo "2666"]
[BlackElo "2646"]
[Annotator "TA"]
[PlyCount "125"]
[EventDate "2021.10.27"]
[EventType "swiss"]
[EventCountry "LAT"]
[Tiebreak "Cut1 Buchholz+Sonneborn-Berger (Swiss)"]
[SourceTitle "playchess.com"]
[Source "ChessBase"]
[SourceQuality "1"]

{[%evp 23,125,14,18,19,18,12,13,15,15,16,16,17,13,16,19,17,20,32,26,19,31,29,
18,8,29,14,34,33,29,41,18,4,0,0,0,0,0,0,14,14,12,7,16,14,18,18,13,8,8,4,12,12,
22,22,22,15,16,16,108,8,8,0,106,107,102,114,150,158,246,245,245,245,245,245,
245,245,238,238,295,291,298,298,347,347,416,401,404,0,416,416,416,409,409,384,
384,384,384,377,540,383,675,383,7769,1550]} 1. d4 d5 2. c4 e6 3. Nf3 Nf6 4. g3
dxc4 5. Bg2 c5 6. O-O Nc6 7. dxc5 Qxd1 8. Rxd1 Bxc5 9. Nbd2 c3 10. bxc3 {
[%cal Bb2c3,Bc3c4][%mdl 32]} O-O 11. Nb3 Be7 12. c4 Bd7 13. Bb2 {E04: Open
Catalan: 5 Nf3.} Rfc8 14. c5 Be8 15. Nfd2 {The position is equal.} b6 16. cxb6
axb6 17. Nc4 Rab8 18. Nd6 Bxd6 19. Rxd6 Na5 {[#]} 20. Nxa5 $146 ({Predecessor:
} 20. Rdd1 Nc4 21. Bd4 Bc6 22. Bf1 b5 23. Nd2 Bd5 24. a3 Ra8 25. Nxc4 Bxc4 26.
Bg2 {1/2-1/2 (41) Meier,G (2628)-Fridman,D (2608) Magdeburg 2021}) 20... bxa5
21. Be5 Rb4 22. Rad1 {[#] Threatens to win with Rd8.} h6 23. Bf3 {aiming for
Rd8.} Kh7 24. Rd8 Rbc4 25. a3 Nd5 26. Rxc8 Rxc8 27. Rb1 f6 28. Bd4 Nc3 29. Rb3
Nb5 30. Bb2 Nd6 31. Rd3 Nb5 32. Rd2 a4 33. h4 Rc5 34. Bg4 e5 35. f3 h5 36. Be6
Rc6 37. Bf5+ Bg6 38. Bd7 Rc5 39. Kf2 Nc3 40. Rd6 Nb1 (40... Rc7 $1 $11) 41. Rb6
(41. Rc6 $16 Rb5 42. Bc1) 41... Nc3 $11 42. Rd6 (42. Bxc3 $11 Rxc3 43. Bxa4)
42... Nb1 $16 43. Rc6 {White leaves nothing to chance now.} Rb5 44. Bc1 Rd5 45.
Be6 Rd1 (45... Rd8 $16 {is a better defense.} 46. f4 Be4) 46. Rc8 $18 Be8 47.
Be3 ({But not} 47. Rxe8 $6 Rxc1 48. Bf5+ g6 $16) 47... Bd7 {[#]} 48. Rd8 Bxe6
49. Rxd1 Nxa3 {[%mdl 4096] Endgame KRB-KBN} 50. Ra1 Nc4 51. Rxa4 Kg6 52. Bc5 f5
53. Ra6 Kf6 54. Ra7 Bf7 55. Ra6+ Be6 56. Bb4 g6 57. Bc3 Kf7 58. Ra7+ Kf8 59. e4
fxe4 60. fxe4 Bf7 (60... Ke8 {might work better.} 61. Ke2 Nd6) 61. Ke2 Ke8 $2 (
61... Be6 62. Kd3 Nb6 63. Bb4+ Kg8) 62. Kd3 {Hoping for Rxf7!} Be6 (62... Nb6
63. Bxe5 Nd7 64. Ra8+ Ke7) 63. Ra6 {Weighted Error Value: White=0.20/Black=0.20
} 1-0

[Event "FIDE Chesscom Grand Swiss 2021"]
[Site "Riga"]
[Date "2021.11.04"]
[Round "8.15"]
[White "Shevchenko, Kirill"]
[Black "Sargissian, Gabriel"]
[Result "1/2-1/2"]
[WhiteElo "2632"]
[BlackElo "2664"]
[Annotator "TA"]
[PlyCount "61"]
[EventDate "2021.10.27"]
[EventType "swiss"]
[EventCountry "LAT"]
[Tiebreak "Cut1 Buchholz+Sonneborn-Berger (Swiss)"]
[SourceTitle "playchess.com"]
[Source "ChessBase"]
[SourceQuality "1"]

{[%evp 22,61,2,9,12,12,2,1,29,6,8,25,37,7,20,0,20,0,30,7,15,3,25,13,18,0,0,0,4,
6,6,11,16,5,4,15,19,-12,0,-19,-27,-25]} 1. e4 e5 2. Nf3 Nc6 3. Bb5 a6 4. Ba4
Nf6 5. O-O Be7 6. Re1 b5 7. Bb3 O-O 8. a4 Bb7 9. d3 d6 10. Bd2 Qd7 11. Nc3 {
[%cal Bb1c3,Bc3e2,Be2g3][%mdl 32]} Na5 $1 {[%mdl 4] is recently more
successful than 11...Nd4.} 12. Ba2 b4 {C88: Closed Ruy Lopez: Anti-Marshall
Systems.} 13. Ne2 c5 $1 14. Ng3 g6 {[#] The position is equal.} 15. c3 $146 ({
Predecessor:} 15. h3 Rfe8 16. Nf1 Bd8 17. Ne3 Bc6 18. Nh2 Kg7 19. Neg4 Nxg4 20.
Nxg4 Rb8 21. Ne3 {1/2-1/2 (29) Fernandez,J (2154)-Onder,E (2191) LSS email 2012
}) 15... bxc3 16. bxc3 Qc7 17. d4 Bc8 18. d5 c4 19. h3 Bd7 20. Rb1 Rfb8 21. Rb4
Nb3 22. Bxb3 cxb3 23. Qxb3 a5 24. Rxb8+ Rxb8 25. Qa3 Be8 26. Bg5 Kg7 27. Ra1 h6
28. Be3 Nd7 29. h4 Nb6 30. Qc1 h5 $1 31. Qc2 {An uneventful encounter. 
Weighted Error Value: White=0.10/Black=0.09} 1/2-1/2

[Event "FIDE Chesscom Grand Swiss 2021"]
[Site "Riga"]
[Date "2021.11.04"]
[Round "8.16"]
[White "Sjugirov, Sanan"]
[Black "Petrosyan, Manuel"]
[Result "1/2-1/2"]
[WhiteElo "2663"]
[BlackElo "2605"]
[Annotator "TA"]
[PlyCount "213"]
[EventDate "2021.10.27"]
[EventType "swiss"]
[EventCountry "LAT"]
[Tiebreak "Cut1 Buchholz+Sonneborn-Berger (Swiss)"]
[SourceTitle "playchess.com"]
[Source "ChessBase"]
[SourceQuality "1"]

{[%evp 13,213,8,21,16,16,5,29,22,33,20,20,23,22,18,20,16,22,16,22,10,16,0,0,
-12,0,0,0,-3,8,6,23,0,8,0,28,33,52,48,70,80,77,73,79,77,75,77,101,83,86,82,143,
146,146,137,137,137,137,138,141,137,136,149,147,144,143,143,143,128,180,175,
164,124,177,163,176,149,181,146,146,138,150,107,110,50,27,24,25,33,38,35,49,0,
21,0,0,0,62,0,0,0,0,0,14,21,29,0,34,0,42,0,0,0,0,46,0,0,-28000,-28000,-28000,
-28000,-28000,-28000,-28000,-28000,-28000,-28000,-28000,-28000,-28000,-28000,
-28000,-28000,-28000,-28000,-28000,-28000,-28000,-28000,-28000,-28000,-28000,
-28000,-28000,-28000,-28000,-28000,-28000,-28000,-28000,-28000,-28000,-28000,
-28000,-28000,-28000,-28000,-28000,-28000,-28000,-28000,-28000,-28000,-28000,
-28000,-28000,-28000,-28000,-28000,-28000,-28000,-28000,-28000,-28000,-28000,
-28000,-28000,-28000,-28000,-28000,-28000,-28000,-28000,-28000,-28000,-28000,
-28000,-28000,-28000,-28000,-28000,-28000,-28000,-28000,-28000,-28000,-28000,
-28000,-28000,-28000,-28000,-28000,-28000]} 1. e4 e5 2. Nf3 Nc6 3. Bc4 Bc5 4.
d3 Nf6 5. O-O d6 6. c3 a6 7. a4 h6 8. Re1 $1 {8.Re1 is better than 8.Nbd2. C54:
Giuoco Piano: 4 c3 Nf6, main lines with 5 d4 and 5 d3.} O-O 9. Nbd2 Ba7 10. Nf1
{White has an edge.} Re8 11. Be3 Bxe3 12. Nxe3 Be6 13. Bxe6 Rxe6 14. b4 Re8 15.
Qb3 {[#]} Ne7 $146 ({Predecessor:} 15... Nh5 16. Nd5 Ne7 17. c4 c6 18. Ne3 Ng6
19. g3 Nf6 20. Rac1 Qd7 21. b5 Ne7 22. Rb1 c5 {1-0 (29) Juhasz,A (2176)-Bolyki,
I (1824) Budapest 2020}) 16. c4 a5 17. c5 Nc6 18. cxd6 Nxb4 19. dxc7 Qxc7 20.
Rac1 Qd7 21. Red1 Qe6 22. Nc4 Nd7 {[#]} 23. Nxa5 $1 Qxb3 (23... Rxa5 {seems
wilder.} 24. Qxb4 b6 25. Nd2 Rea8 26. Nc4 Rxa4 27. Qb5 Ra2) 24. Nxb3 Rxa4 25.
Rc7 Ra3 26. Rxb7 Rxb3 27. Rxd7 Rc3 28. g3 Na6 29. Rd5 Nb4 30. Rd6 Kf8 31. Rd7
Re7 (31... g5 $142) 32. Rd8+ $16 Re8 33. Rxe8+ Kxe8 34. Nxe5 {[%mdl 4096]
Endgame KRN-KRN} f6 {[#]} 35. Rb1 $1 Nxd3 36. Rb8+ Ke7 37. Rb7+ Kf8 {[#]} 38.
Ng6+ Kg8 {[#]} 39. f4 $1 Kh7 40. Nf8+ Kg8 (40... Kh8 $16 41. Ng6+ Kh7) 41. Ne6
$18 Nc5 42. Rxg7+ Kh8 43. Re7 {Nxc5 is the strong threat.} Nxe4 44. Nd4 Nd2 45.
Kg2 Rc5 46. Rd7 Ra5 47. Kh3 Nf1 48. Re7 (48. Rf7 $16) 48... Rh5+ $14 49. Kg4
Rxh2 50. Kf5 {Kg6 would kill now.} Rg2 51. Kxf6 Nxg3 52. Re5 (52. Kf7 {looks
sharper.} Ra2 53. Kg6 Ra8 54. Kxh6 Rd8 55. Re6) 52... Kg8 (52... Kh7 {is more
complex.} 53. Kf7 Rb2 54. Re7 h5 55. Kf8+ Kh6) 53. Re8+ Kh7 54. Re7+ ({White
should play} 54. f5 $11) 54... Kh8 55. Re8+ ({Better is} 55. Kf7 $1 $14 Rb2 56.
Kg6 Rb6+ 57. Ne6) 55... Kh7 $11 56. Ne6 {White threatens Nf8+ and mate.} (56.
Kf7 {with more complications.} Rd2 57. Ne6 Rd7+ 58. Kf6 Nh5+ 59. Ke5) 56...
Ne4+ $1 57. Ke5 Nf2 58. Re7+ Kg8 59. Rd7 Rg1 60. Kf6 {Threatening mate with
Rd8+.} (60. Kf5 {is interesting.} Rg2 61. Ra7 Rg1 62. Re7 Rg2 63. Rc7) 60...
Ne4+ (60... Ng4+ {keeps more tension.} 61. Ke7 Rb1 62. Rc7 h5 63. Rc5 Rb7+) 61.
Ke7 (61. Kf5 {seems wilder.} Nf2 62. Rc7 Rg3 63. Ra7 Rg1 64. Ra2) 61... Rf1 62.
Rd4 Ng5 63. Rd8+ $2 {[%mdl 8192]} (63. Nc7 $11) 63... Kh7 64. fxg5 hxg5 65.
Nxg5+ {KRN-KR. Mate.} Kg6 66. Rg8+ Kh5 67. Ne4 Ra1 68. Kf6 Kh4 69. Ke5 Kh3 70.
Nf2+ Kh2 71. Kf4 Ra4+ 72. Ne4 Kh3 73. Rg3+ Kh2 74. Rc3 Ra2 75. Kf3 Ra8 76. Rc6
Rf8+ 77. Kg4 Kg2 78. Rc2+ Kf1 79. Kg3 Ke1 80. Nf2 Rf7 81. Ra2 Rf8 82. Nd3+ Kd1
83. Nf4 Rc8 84. Nd5 Kc1 85. Kf3 Kb1 86. Rh2 Rc2 87. Rh6 Rc8 88. Ke3 Kc2 89. Kd4
Rd8 90. Rb6 Rd7 91. Rc6+ Kd2 92. Rh6 Ke2 93. Ke4 Kf2 94. Rg6 Ra7 95. Rf6+ Ke2
96. Nc3+ Kd2 97. Kd4 Rd7+ 98. Nd5 Ke2 99. Rf8 Rd6 100. Ra8 Rd7 101. Ke4 Kf2
102. Ra3 Rd8 103. Rf3+ Ke2 104. Rf7 Re8+ 105. Kd4 Rd8 106. Rf6 Rd7 107. Rf8 {
[%mdl 32768] What a bad dream for White.  Weighted Error Value: White=0.09/
Black=0.08. An unexpected result.} 1/2-1/2

[Event "FIDE Chesscom Grand Swiss 2021"]
[Site "Riga"]
[Date "2021.11.04"]
[Round "8.17"]
[White "Tabatabaei, M. Amin"]
[Black "Alekseenko, Kirill"]
[Result "0-1"]
[WhiteElo "2639"]
[BlackElo "2710"]
[Annotator "TA"]
[PlyCount "72"]
[EventDate "2021.10.27"]
[EventType "swiss"]
[EventCountry "LAT"]
[Tiebreak "Cut1 Buchholz+Sonneborn-Berger (Swiss)"]
[SourceTitle "playchess.com"]
[Source "ChessBase"]
[SourceQuality "1"]

{[%evp 10,72,1,0,2,-13,-11,-29,-13,-67,-69,-75,-54,-76,17,-33,-24,-21,-11,-14,
13,5,29,-64,-52,-93,-80,-81,-79,-82,-78,-147,-134,-157,-140,-128,-72,-172,-83,
-154,-71,-129,-95,-104,0,0,0,0,0,0,0,0,-6,-9,-9,-10,11,-160,168,-449,-450,-423,
-431,-1196,-1196]} 1. d4 Nf6 2. c4 e6 3. Nf3 d5 4. g3 Bb4+ 5. Nbd2 dxc4 6. Bg2
b5 {E04: Open Catalan: 5 Nf3.} 7. a3 Be7 {[#]} 8. Ne5 $146 ({Predecessor:} 8.
b3 cxb3 9. Nxb3 Bb7 10. O-O O-O 11. Bd2 Nbd7 12. Qb1 Be4 13. Qb2 Nb6 14. Na5 {
0-1 (23) Karner,C (2372)-Zelcic,R (2555) Oberwart 2011}) 8... Nd5 $1 {Black
has an edge.} 9. a4 (9. b3 $11) 9... c6 $1 $15 10. O-O a5 11. e4 Nf6 (11... Nb4
$17 12. d5 O-O) 12. Ng4 {next Nxf6+ is good for White.} (12. d5 $5) 12... Nxg4
13. Qxg4 h5 14. Qe2 ({Don't go for} 14. Qxg7 $2 Bf6 $19) 14... e5 15. dxe5 Na6
{[%cal Bb8a6,Ba6b4,Bb4d3][%mdl 32]} 16. e6 ({White should try} 16. Nf3 $11)
16... Bxe6 17. e5 Nb4 18. axb5 cxb5 19. Ne4 Ra6 20. Nd6+ (20. Nc3 $142) 20...
Bxd6 $17 21. exd6 Nd3 22. Bd2 h4 (22... b4 $142 23. Bd5 Rxd6 24. Bxc4 O-O 25.
Bxe6 Rxe6) 23. Bc3 (23. Be4 $17) 23... hxg3 (23... O-O $1 $19 {...b4 is the
strong threat.} 24. Qh5 b4) 24. hxg3 {[#]} ({White should play} 24. fxg3 Qb6+
25. Kh1) 24... Qxd6 (24... O-O $142 $1 {And now ...b4 would win.} 25. b4 Qxd6)
25. Bxg7 (25. Qe3 $142) 25... Rg8 26. Bc3 Kf8 $40 {[%mdl 128] Black is up to
no good.} (26... b4 $17 27. Bd2 Rh8) 27. Qh5 $11 b4 28. Bd2 Bg4 29. Qb5 Be2 30.
Qxc4 Rg4 31. Qc8+ Kg7 {Strongly threatening ...Ne5.} 32. Be3 $1 Qe6 33. Qb8 (
33. Qxe6 $11 Rxe6 34. Rfb1) 33... Rd6 $2 (33... Bxf1 $17 {stays on course.} 34.
Rxf1 Rd6) 34. Kh2 {[%mdl 8192]} (34. Rxa5 $18 {is the narrow road to win.} Rxg3
{[#]} 35. Bd4+ $1 {[%mdl 512]} Rxd4 36. Qxg3+ Rg4 37. Rg5+ Kf6 38. Rxg4 Qxg4
39. Ra1 Qxg3 40. fxg3) 34... Bxf1 $19 {Black is clearly winning.} 35. Rxf1 Qe5
{Threatens to win with ...Nxf2!} 36. Bf3 {[#]} (36. Qb7 $142 Qxb2 37. Bf3)
36... Nxf2 $1 {[%csl Gg4][%cal Re5g3][%mdl 512] Weighted Error Value: White=0.
64/Black=0.34} 0-1